Alliterative Names A-Z - Statistics

General Stats
  • This quiz has been taken 39,854 times
    25,699 since last reset
  • The average score is 14 of 23
Answer Stats
Clue Person % Correct
C Silent film star with a mustache, hat, and cane Charlie Chaplin
91%
P Spiderman's alter-ego Peter Parker
87%
S Director of "E.T." and "Schindler's List" Steven Spielberg
84%
H Escape artist who died after being punched in the stomach Harry Houdini
82%
R Canadian actor who starred as Deadpool and Van Wilder Ryan Reynolds
81%
D Cartoon uncle of Huey, Dewey, and Louie Donald Duck
80%
M She once stood over a subway grate wearing a billowy white dress Marilyn Monroe
79%
L Superman's archnemesis Lex Luthor
76%
O Lead singer of Black Sabbath who died in 2025 Ozzy Osbourne
76%
F Generalissimo who ruled Spain from 1936–1975 Francisco Franco
62%
W Scottish patriot portrayed in the movie "Braveheart" William Wallace
58%
A Red-headed actress from "Arrival" and "American Hustle" Amy Adams
55%
Z He got sent off in the World Cup finals for headbutting Zinedine Zidane
53%
B Swede who won Wimbledon five years in a row: 1976–1980 Björn Borg
52%
K Alter-ego of Santa Claus Kris Kringle
51%
V Star of "Old School" and "Wedding Crashers" Vince Vaughn
51%
E Charlie Sheen's brother who starred in "The Mighty Ducks" Emilio Estevez
49%
J Irish author whose works were once banned for obscenity James Joyce
49%
Q Teacher who got body-snatched by Voldemort Quirinus Quirrell
40%
I The Russian equivalent of "John Doe" Ivan Ivanovich
30%
T Ex-husband of Jane Fonda who gave $1 billion to the UN Ted Turner
30%
N Character whose name is the title of a Charles Dickens novel Nicholas Nickleby
28%
G German author who wrote "The Tin Drum" Günter Grass
16%
No matching quizzes found
Score Distribution
Percent of People with Each Score
Percentile by Number Answered
Your Score History
You have not taken this quiz since the last reset